Düşten düşünceye : (Kayıt no. 10281)

MARC ayrıntıları
000 -BAŞLIK
Sabit Uzunluktaki Kontrol Alanı 00733nam a22002297a 4500
003 - KONTROL NUMARASI KİMLİĞİ
Kontrol Alanı KOHA_MİRAKIL
005 - EN SON İŞLEM TARİHİ ve ZAMANI
Kontrol Alanı 20260420072430.0
008 - SABİT UZUNLUKTAKİ VERİ ÖGELERİ - GENEL BİLGİ
Sabit Alan 260416b tu ||||| |||| 00| 0 tur d
020 ## - ISBN - ULUSLARARASI STANDART KİTAP NUMARASI
Isbn 9755331166
040 ## - KATALOGLAMA KAYNAĞI
Özgün Kataloglama Kurumu TR-AnABB
Kataloglama Dili tur
Çeviri Kurumu TR-AnABB
041 ## - DİL KODU
Metin ya da ses kaydının dil kodu tur
082 ## - DEWEY ONU SINIFLAMA SİSTEMİ
Sınıflama Numarası 363.7
Cutter numarası INA 1996
100 1# - KİŞİ ADI
Yazar Adı (Kişi adı) İnan, Ahmet
245 10 - ESER ADI BİLDİRİMİ
Başlık Düşten düşünceye :
Alt Eseradı vb. Bilim, teknoloji ve çevre üstüne /
Sorumluluk Bildirimi Ahmet İnan
250 ## - BASIM BİLDİRİMİ
Basım Bildirimi 1. baskı
260 ## - YAYIN, DAĞITIM, VB.
Yayın Yeri Ankara :
Yayınevi İmge Kitabevi,
Yayın Tarihi 1996
300 ## - FİZİKSEL TANIMLAMA
Sayfa, Cilt vb. 198 sayfa ;
Boyutları 20 cm
500 ## - GENEL NOT
Genel Not Kitap içerisinde Prof. Dr. Ruşen Keleş'in satır altı çizimleri ve vurguları mevcuttur
650 04 - KONU BAŞLIĞI EK GİRİŞ - KONU TERİMİ
Konusal terim veya coğrafi ad Çevre sorunları
900 ## - YEREL BİLGİ
Kontrol Can ÇELIK
942 ## - EK GİRİŞ ÖGELERİ (KOHA)
Sınıflama Kaynağı Dewey Decimal Classification
Materyal Türü Kitap
Mevcut
Geri Çekilme Durumu Kayıp Durumu Sınıflandırma Kaynağı Kredi için değil Kalıcı Konum Mevcut Konum Kayıt Tarih Toplam Ödünçverme Yer Numarası Demirbaş Numarası Son Görülme Tarihi Fatura Tarihi Materyal Türü
    Dewey Decimal Classification   Prof. Dr. Ruşen Keleş Kütüphanesi Prof. Dr. Ruşen Keleş Kütüphanesi 16/04/2026   363.7 INA 1996 RK7172 16/04/2026 16/04/2026 Kitap